| 000 | 00831nam a2200241Ia 4500 | ||
|---|---|---|---|
| 003 | OSt | ||
| 005 | 20220926022259.0 | ||
| 006 | a|||||r|||| 00| 0 | ||
| 007 | ta | ||
| 008 | 220923b |||||||| |||| 00| 0 eng d | ||
| 037 | _cGeneral Book | ||
| 040 |
_aRTL _cRTL _beng |
||
| 041 |
_2eng _aeng |
||
| 082 | _aX72:8.1(X).N9, N7/UN | ||
| 110 |
_aUnited Nations, Government Of .... Development Support And Management Services (Deptt for-) _9327607 |
||
| 245 | 0 | _aGuidelines for improving tax administration in dev | |
| 260 |
_aNew York _bUnited Nations India _c1997 |
||
| 300 |
_a48p. _ccm. |
||
| 650 | _aTax | ||
| 700 |
_aUnited Nations, Government Of .... Development Support And Management Services (Deptt for-) _9327608 |
||
| 942 |
_hX72:8.1(X).N9, N7/UN _cGB _2CC |
||
| 999 |
_c639081 _d639081 |
||